00554nam a2200169 i 4500001000300000100002100003245007400024260002100098700002500119040000800144041000800152942000700160008004100167999001700208856009800225952006100323bg1 aKABSCH, Piotr M. 0aCyklony z wirującą cieczą /cPiotr Kabsch, Andrzej Kukliński. aWrocław,c1976.1 aKUKLIŃSKI, Andrzej cBPK apol cKS s pl f |000 0 pol  c16867d16867 uhttp://koha.tu.koszalin.pl/cgi-bin/koha/opac-detail.pl?biblionumber=16867yKatalog online BPK 00104070aBPKbBPKcwo21086p01694680s2017-06-13yKS